000 nam a22 7a 4500
999 _c9068
_d9068
008 180122b ||||| |||| 00| 0 eng d
100 _aSalhotra. S S
_95352
245 _aABC of Maths
260 _aNew Delhi
_bHoly faith Publication
_c2009